Statistics for Lord of the Rings Decoder

Click here to take the quiz!

General Stats

  • This quiz has been taken 18,248 times
  • The average score is 19 of 28

Answer Stats

Letter Hint Answer % Correct
LElf member of the FellowshipLegolas
94%
ROne ring to ____ them allRule
93%
SCreator of the One RingSauron
91%
WSaruman the _____White
90%
AStrider's real nameAragorn
89%
ERace of tree creaturesEnts
88%
HWhat Shadowfax wasHorse
87%
TGondor's most famous tower:
Minas _____
Tirith
85%
TThey are huge and slow and detest
the sight of dwarves (uncooked)
Trolls
84%
EFlying race that swoops in at
just the right time
Eagles
84%
ORace of corrupted elvesOrcs
79%
TPippin's last nameTook
74%
ADaughter of Elrond who married
a man and became mortal
Arwen
72%
NThe nine, the ringwraiths,
the black riders
Nazgûl
72%
HAnother name for hobbitsHalflings
72%
RElvish realm ruled by ElrondRivendell
71%
WHe whispers poison advice to the
king of Rohan
Wormtongue
68%
LElvish bread good for long journeysLembas
67%
SGiant spider stabbed by SamShelob
65%
LElvish realm ruled by Celeborn
and Galadriel
Lothlórien
58%
DNotable Balrog: _____'s BaneDurin
53%
EThe Lonely Mountain by another nameErebor
42%
OReal-life city where Tolkien livedOxford
42%
OBlack tower of IsengardOrthanc
37%
QuoteNot all those who wander are lost
35%
NAncient island that fell into the oceanNúmenor
32%
OAnother name for Mount DoomOrodruin
22%
AGods of Middle Earth, the Valar
and Maiar
Ainur
16%

Score Distribution

Percentile by Number Answered

Percent of People with Each Score

Your Score History

You have not taken this quiz